000 00405nam a2200157Ia 4500
003 Ost
005 20260225132555.0
008 260225s9999||||xx |||||||||||||| ||und||
040 _cfsic
041 _afre
082 _a440
100 _aEsquennazi Jean-Pierre
_eAuteur
245 0 _aL'Ecriture de l'actualité :
245 0 _bpour une sociologie du discours /
_cEsquennazi Jean-Pierre
942 _cكتاب
999 _c34372
_d34372